Social mobility in industrial society

Αποθηκεύτηκε σε:
Λεπτομέρειες βιβλιογραφικής εγγραφής
Κύριοι συγγραφείς: Lipset, Seymour Martin, Bendix, Reinhard (Συγγραφέας)
Μορφή: Βιβλίο
Γλώσσα:English
Δημοσίευση: Berkeley : University of California Press, 1967.
Θέματα:
Ετικέτες: Προσθήκη ετικέτας
Δεν υπάρχουν, Καταχωρήστε ετικέτα πρώτοι!

MARC

LEADER 00000cam a2200000 a 4500
001 1/116903
008 180626s1967####cau| ||| |||| ||eng||
040 |a GR-MyUa  |b gre  |c GR-MyUa  |e AACR2 
041 0 |a eng 
082 7 |a 305.513   |2 (23) 
100 1 |a Lipset, Seymour Martin. 
245 1 0 |a Social mobility in industrial society /   |c Seymour Martin Lipset and Reinhard Bendix.  
260 |a Berkeley :   |b University of California Press,   |c 1967.  
300 |a xxi, 309 σ. ;   |c 24 εκ.  
504 |a Περιλαμβάνει σημειώσεις.  
650 0 |a Social mobility 
700 1 |a Bendix, Reinhard,  |e aut 
852 |a INST  |b LESVOS  |e 20180626  |h 305.513 LIP  |p 005100060535  |q 005100060535  |t BK  |y 0 
970 |a Τζαφέρη  |b Ευαγγελία  |z 26-06-2018